| 000 | 00917nam a2200241Ia 4500 | ||
|---|---|---|---|
| 003 | GCL | ||
| 005 | 20240530094827.0 | ||
| 008 | 140319s9999 xx 000 0 ara d | ||
| 020 | _a7004291977 | ||
| 040 |
_aGCL / _cGCL |
||
| 082 | 0 | 4 |
_a962 _bق/ع ا |
| 100 | 1 | _aمحمد فرج | |
| 245 | 1 | 0 |
_aازمة الانتماء فى مصر : _bالاثار الاجتماعية والاقتصادية والسياسية للانفتاح الاقتصادى / _cمحمد فرج |
| 250 | _aالاولى | ||
| 260 |
_aالقاهرة : _bمركز الحضارة العربية للاعلام والنشر ، _c1998 |
||
| 300 |
_a343 ص ؛ _c24 سم |
||
| 650 | 0 | 4 | _aالانتماء |
| 650 | 0 | 4 | _aمصر - الاحوال السياسية |
| 650 | 0 | 4 | _aمصر - الاحوال الاجتماعية |
| 650 | 0 | 4 | _aمصر - الانفتاح الاقتصادى |
| 700 | 1 | _aعبدالخالق فاروق | |
| 942 |
_2ddc _cBK |
||
| 999 |
_c1410 _d1410 |
||